Elements of power system analysis (Record no. 3209)

000 -LEADER
fixed length control field 00596nam a2200217 a 4500
001 - CONTROL NUMBER
control field 3209
003 - CONTROL NUMBER IDENTIFIER
control field BD-DhUET
008 - FIXED-LENGTH DATA ELEMENTS--GENERAL INFORMATION
fixed length control field 810331s1982 nyua 001 0 eng
020 ## - INTERNATIONAL STANDARD BOOK NUMBER
International Standard Book Number 0070612781
020 ## - INTERNATIONAL STANDARD BOOK NUMBER
International Standard Book Number 007061279X
040 ## - CATALOGING SOURCE
Original cataloging agency DLC
Transcribing agency DLC
Modifying agency BD-DhUET
082 00 - DEWEY DECIMAL CLASSIFICATION NUMBER
Classification number 623.12
Item number STE/1982
100 1# - MAIN ENTRY--PERSONAL NAME
Personal name Stevenson, William D.
245 10 - TITLE STATEMENT
Title Elements of power system analysis
250 ## - EDITION STATEMENT
Edition statement 4th ed.
260 ## - PUBLICATION, DISTRIBUTION, ETC. (IMPRINT)
Place of publication, distribution, etc. New York
Name of publisher, distributor, etc. McGraw-Hill
Date of publication, distribution, etc. 1982
300 ## - PHYSICAL DESCRIPTION
Extent xii, 436 p.
Other physical details ill.
Dimensions 25 cm.
490 ## - SERIES STATEMENT
Series statement McGRAW-HILL series in electrical engineering
650 #0 - SUBJECT ADDED ENTRY--TOPICAL TERM
Topical term or geographic name as entry element Electric power system stability
942 ## - ADDED ENTRY ELEMENTS (KOHA)
Koha item type General Book
Holdings
Lost status Shelving location Not for loan Koha date last seen Copy number Koha renewals Sublocation or collection (holding branch) Location (home branch) Source of classification or shelving scheme Withdrawn status Koha full call number Piece designation (barcode) Price effective from Koha normalized classification for sorting Damaged status Date acquired Koha date last borrowed Koha item type Koha issues (times borrowed)
 Circulation section 2021-09-271 Central Library, BUETCentral Library, BUET  623.12/STE/19821103132014-10-22623_120000000000000_STE_1982 2014-10-222021-09-27General Book52
 Circulation section 2015-02-102 Central Library, BUETCentral Library, BUET  623.12/STE/1982691782015-02-10623_120000000000000_STE_1982 2015-02-10 General Book 
 Circulation section 2021-08-3132Central Library, BUETCentral Library, BUET  623.12/STE/198278208 2015-02-11623_120000000000000_STE_1982 2015-02-112021-08-31General Book22
 Reading section 2015-06-244 Central Library, BUETCentral Library, BUET  623.12/STE/1982673862015-06-24623_120000000000000_STE_1982 2015-06-24 Reading Item 
 Reading section 2015-06-245 Central Library, BUETCentral Library, BUET  623.12/STE/1982673842015-06-24623_120000000000000_STE_1982 2015-06-24 Reading Item 
 Reading section 2015-06-246 Central Library, BUETCentral Library, BUET  623.12/STE/1982673852015-06-24623_120000000000000_STE_1982 2015-06-24 Reading Item 
 Reading section 2015-06-247 Central Library, BUETCentral Library, BUET  623.12/STE/1982639052015-06-24623_120000000000000_STE_1982 2015-06-24 Reading Item 
 Reading section 2015-06-258 Central Library, BUETCentral Library, BUET  623.12/STE/1982639062015-06-25623_120000000000000_STE_1982 2015-06-25 Reading Item 
 Reading section 2015-06-259 Central Library, BUETCentral Library, BUET  623.12/STE/1982639072015-06-25623_120000000000000_STE_1982 2015-06-25 Reading Item 
 Reading section 2015-06-2810 Central Library, BUETCentral Library, BUET  623.12/STE/1982639082015-06-28623_120000000000000_STE_1982 2015-06-28 Reading Item